000 01051nas a2200373 4500
001 BR0401184
003 BR-BrBNA
005 20231205104410.0
007 ta
008 230509b bl.|||p| |||| 00| 00por d
040 _aBR-BrBNA
_bpor
_cBiblioteca Nacional de Agricultura
041 _a(Pt)
072 _aL70
100 1 _aLeme, M.C.
100 1 _aNatalini, C.C.
100 1 _aBeck, C.A. de C.
100 1 _aBrun, M.V.
100 1 _aGonçalves, G.F.
100 1 _aOliveira, S.T.
100 1 _aPippi, N.L.
111 1 _dEfeitos do pneumoperitônio com dióxido de carbono em cães submetidos a nefrectomia laparoscópica
650 _aCÃO
650 _aINDUÇÃO
650 _aCIRURGIA
650 _aRIM
650 _aANESTESIA
650 _aLAPAROSCOPIA
650 _aDIÓXIDO DE CARBONO
650 _aPRESSÃO ARTERIAL
650 _aRESPIRAÇÃO
773 0 _tVeterinária Notícias (Brazil)
_xISSN 0104-3463
_g(2002), v. 8(2) p. 39-44
_wBR0401184
909 _a202311
_bLúcia
_c55
_dLúcia Elande
942 _2AGRIS
_n0
_cANA
999 _c177946
_d177946